| 000 | 02233nam a2200253Ia 4500 | ||
|---|---|---|---|
| 003 | Ost | ||
| 005 | 20260507075315.0 | ||
| 008 | 260507s9999||||xx |||||||||||||| ||und|| | ||
| 020 | _a995732294x | ||
| 040 | _cfsecg | ||
| 041 | _aara | ||
| 082 | _a346.072 | ||
| 100 |
_aزريقات، عمر خالد _eمؤلف |
||
| 245 | 0 |
_aعقد التجارة الالكترونية : _bعقد البيع عبر الانترنيت / _c عمر خالد زريقات |
|
| 260 |
_aعمان: _bدار الحامد للنشر والتوزيع, _c2007 |
||
| 300 |
_a498 صفحة؛ _c25 سم |
||
| 504 | _aببليوغرافيا: ص.477 الملاحق ص.381 | ||
| 520 | _a المقدمة – الفصل التمهيدى : مفهوم الإنترنت والتعاقد الشبكى : المبحث الأول : مفهوم ونشاة وعمل شبكة الإنترنت : المبحث الثانى : نشأة وتعريف عقد البيع عبر الإنترنت وتمييزه عن غيرة من العقود – الباب الأول : إبرام العقد وصحته : الفصل الأول : التراضى : المبحث الأول : الإيجاب : المبحث الثانى : القبول : الفصل الثانى : صحه عقد البيع عبر الإنترنت : المبحث الأول : الأهلية وركنا المحل والسبب فى عقد البيع عبر الإنترنت : المبحث الثانى : عيوب الرضا فى التعاقد عبر الإنترنت – الباب الثانى : إثبات العقد وتنفيذه : الفصل الأول : إثبات العقد المبرم عبر الإنترنت : المبحث الأول : المحررات الإلكترونية وحجيتها فى الإثبات : المبحث الثانى : التوقيع الإلكترونى : الفصل الثانى : تنفيذ العقد المبرم عبر الإنترنت وحماية المتعاقد : المبحث الأول : تنفيذ العقد : المبحث الثانى : حماية المتعاقد (المشترى) عبر الإنترنت | ||
| 653 | _aالأنترنت | ||
| 653 | _aالتجارة | ||
| 653 | _aالتجارة الإلكترونية | ||
| 653 | _aالعقود | ||
| 942 | _cكتاب | ||
| 999 |
_c43893 _d43893 |
||